TOPIA TWINS - Travis Scott Lyrics - Statistics

General Stats
  • This quiz has been taken 120 times
  • The average score is 294 of 685
Answer Stats
Answer % Correct
Twin
99%
twin
99%
twin,
99%
bitch,
98%
bitch
98%
bitches,
97%
bitches
97%
Bitches
97%
jets
94%
jetski
92%
jetski,
92%
a
91%
I
91%
hoppin'
87%
of
86%
the
78%
The
78%
off
77%
me"
67%
me
67%
me,
67%
on
66%
do
65%
an
63%
it
63%
it?
63%
to
62%
fuck
61%
in
59%
my
59%
be
58%
he
58%
He
58%
you
56%
what
55%
her
52%
her,
52%
she
52%
She
52%
they
52%
They
52%
"Sit
49%
when
49%
so
48%
up
48%
up,
48%
get
47%
Yeah,
47%
I'm
46%
if
45%
If
45%
nigga,
45%
nigga
45%
no
45%
Glocks,
44%
Travis,
44%
drink
43%
and
42%
And
42%
both?
42%
can
42%
make
41%
twins
41%
twins,
41%
cum
40%
glizzy
40%
us
40%
it's
39%
It's
39%
that
39%
think
39%
this
37%
This
37%
cold
36%
Sittin'
36%
sittin'
36%
too
36%
with
36%
pussy
35%
while
35%
been
34%
Been
34%
can't
34%
dick",
34%
keep
34%
sideways
34%
back
33%
back,
33%
hard
33%
from
32%
like
32%
Tell
32%
tell
32%
Ten
32%
ten
32%
Told
32%
but
31%
for,
31%
for
31%
summer,
31%
CAT
30%
all
29%
blink
29%
tryna
29%
busy,
28%
shot
28%
before
27%
put
27%
we
27%
Another
26%
don't
26%
drop
26%
drop,
26%
find
26%
not
26%
suck
26%
wanna
26%
mornin'
25%
siamese
25%
Slow
25%
ass
24%
Ass
24%
bet
24%
hoes,
24%
leave
24%
man,
24%
man
24%
shit
24%
"Throw
24%
throw
24%
mink
23%
shoot
23%
shoulder
23%
toes,
23%
Dracs
22%
electric,
22%
gassed
22%
know
22%
movin'
22%
ride
22%
them
22%
two
22%
want,
22%
want
22%
angel
21%
annoyin',
21%
at
21%
beach
21%
got
21%
Got
21%
love
21%
mistake
21%
out
21%
stroke
21%
bad
20%
come
20%
Pac
20%
tear,
20%
these
20%
undercover
20%
Way
20%
dawg,
19%
demon
19%
give
19%
homie
19%
life
19%
ask
18%
behind
18%
fetish
18%
project
18%
right
18%
studio,
18%
took
18%
better
16%
catch
16%
drinkin'
16%
lonely
16%
one
16%
planes,
16%
prop
16%
top
16%
Amazon
15%
cuddles,
15%
Deep
15%
favorite
15%
hate
15%
never
15%
shawty
15%
show
15%
stay
15%
streets,
15%
check
14%
down
14%
hide
14%
Highway,
14%
Lie
14%
New
14%
opps
14%
'til
14%
beverage
13%
Prime,
13%
that's
13%
Wock
13%
daddy,
12%
days,
12%
Orleans
12%
retire
12%
tier,
12%
X-rays,
12%
home
11%
now
11%
pop
11%
scans,
11%
South
11%
throat
11%
town
11%
town,
11%
Buy
10%
clean
10%
head,
10%
need
10%
Need
10%
niggas
10%
nigga's
10%
wet
10%
ain't
9%
pack,
9%
slop
9%
some
9%
stuntin'
9%
through,
9%
leverage
8%
lil'
8%
phone,
8%
sound
8%
bounce
7%
comin'
7%
fleet
7%
London
7%
mop
7%
pound
7%
props
7%
Radio,
7%
Should've
7%
Slime
7%
Tired
7%
APs,
6%
Ayahuasca
6%
hit,
6%
hit
6%
link,
6%
made
6%
Oh,
6%
Rock
6%
say
6%
shots,
6%
than
6%
Virgil
6%
blocks
5%
bring
5%
call
5%
drown,
5%
drown
5%
mouth,
5%
pin
5%
step
5%
stripes,
5%
surround
5%
thick,
5%
time,
5%
Treat
5%
vision,
5%
wave,
5%
west,
5%
cell,
4%
collectin'
4%
dippin'
4%
done
4%
dropped
4%
givin'
4%
house
4%
lookin'
4%
match
4%
rubberbands
4%
thicker
4%
attire
3%
dealer
3%
goin'
3%
Ran
3%
actin',
2%
cars
2%
hotel,
2%
I'ma
2%
Ja
2%
license,
2%
lypo,
2%
one-fifty,
2%
Rockin
2%
tough?
2%
Ayy
1%
brought
1%
chopper
1%
copped
1%
into
1%
just
1%
Lanvins
1%
rope,
1%
send
1%
walkin'
1%
Flew
0%
jams
0%
wetter,
0%
Whitney
0%
No matching quizzes found
Score Distribution
Percent of People with Each Score
Percentile by Number Answered
Your Score History
You have not taken this quiz